<?xml version="1.0" encoding="UTF-8"?>
<record
    xmlns:xsi="http://www.w3.org/2001/XMLSchema-instance"
    xsi:schemaLocation="http://www.loc.gov/MARC21/slim http://www.loc.gov/standards/marcxml/schema/MARC21slim.xsd"
    xmlns="http://www.loc.gov/MARC21/slim">

  <leader>01081nam a22002057a 4500</leader>
  <controlfield tag="005">20251014173137.0</controlfield>
  <controlfield tag="008">230110b           ||||| |||| 00| 0 eng d</controlfield>
  <datafield tag="020" ind1=" " ind2=" ">
    <subfield code="a">9788170335276</subfield>
  </datafield>
  <datafield tag="040" ind1=" " ind2=" ">
    <subfield code="c">AL</subfield>
  </datafield>
  <datafield tag="041" ind1=" " ind2=" ">
    <subfield code="a">English</subfield>
  </datafield>
  <datafield tag="082" ind1=" " ind2=" ">
    <subfield code="a">361.32</subfield>
    <subfield code="b">PATS</subfield>
  </datafield>
  <datafield tag="100" ind1=" " ind2=" ">
    <subfield code="a">Chhaya Patel</subfield>
    <subfield code="9">69033</subfield>
  </datafield>
  <datafield tag="245" ind1=" " ind2=" ">
    <subfield code="a">Social work practice</subfield>
    <subfield code="b">: Religio-Philosophical foundations</subfield>
  </datafield>
  <datafield tag="260" ind1=" " ind2=" ">
    <subfield code="a">New Delhi</subfield>
    <subfield code="b">Rawat Publications</subfield>
    <subfield code="c">2016</subfield>
  </datafield>
  <datafield tag="300" ind1=" " ind2=" ">
    <subfield code="a">372p.</subfield>
    <subfield code="b">HB</subfield>
    <subfield code="c">22x14.4cm.</subfield>
  </datafield>
  <datafield tag="365" ind1=" " ind2=" ">
    <subfield code="2">General</subfield>
    <subfield code="a">1835</subfield>
    <subfield code="b">&#x20B9;931.00</subfield>
    <subfield code="c">&#x20B9;</subfield>
    <subfield code="d">&#x20B9;1095.00</subfield>
    <subfield code="e">15%</subfield>
    <subfield code="f">12-12-2022</subfield>
  </datafield>
  <datafield tag="520" ind1=" " ind2=" ">
    <subfield code="a">Social Work Practice : Religio-Philosophical Foundations Essays in Honour of Professor Indira Patel published in the year 1999 was published by Rawat Publications. View 1366 more books by Rawat Publications. The author of this book is Patel Chhaya. We have a dedicated page displaying collection of Patel Chhaya books here. Social Work Practice : Religio-Philosophical Foundations Essays in Honour of Professor Indira Patel is currently Available with us.</subfield>
  </datafield>
  <datafield tag="650" ind1=" " ind2=" ">
    <subfield code="2">Social Problems</subfield>
    <subfield code="a">Social Problems and Services</subfield>
    <subfield code="9">69034</subfield>
  </datafield>
  <datafield tag="942" ind1=" " ind2=" ">
    <subfield code="2">ddc</subfield>
    <subfield code="c">BK</subfield>
  </datafield>
  <datafield tag="999" ind1=" " ind2=" ">
    <subfield code="c">226357</subfield>
    <subfield code="d">226357</subfield>
  </datafield>
  <datafield tag="952" ind1=" " ind2=" ">
    <subfield code="0">0</subfield>
    <subfield code="1">0</subfield>
    <subfield code="2">ddc</subfield>
    <subfield code="4">0</subfield>
    <subfield code="7">0</subfield>
    <subfield code="8">MSW</subfield>
    <subfield code="a">SACPG</subfield>
    <subfield code="b">SACPG</subfield>
    <subfield code="d">2023-01-07</subfield>
    <subfield code="e">Vidya Vihar</subfield>
    <subfield code="g">931.00</subfield>
    <subfield code="l">1</subfield>
    <subfield code="o">361.32 PATS</subfield>
    <subfield code="p">PG024165</subfield>
    <subfield code="r">2026-03-14 09:12:16</subfield>
    <subfield code="s">2026-03-13</subfield>
    <subfield code="v">1095.00</subfield>
    <subfield code="w">2023-01-10</subfield>
    <subfield code="y">BK</subfield>
  </datafield>
</record>
